Statistics for Seven Hills of Rome

Click here to take the quiz!

General Stats

  • This quiz has been taken 5,446 times
    (5,320 since last reset)
  • The average score is 4 of 7

Answers on the Map

Answers color-coded by a green-red scale on the quiz's map according to % correct below.
Loading ...
 

Answer Stats

Hill% Correct
Palatine
85%
Capitoline
69%
Aventine
54%
Quirinal
50%
Esquiline
43%
Viminal
40%
Caelian
38%

Score Distribution

Percentile by Number Answered

Percent of People with Each Score

Your Score History

You have not taken this quiz since the last reset